Исследование факторов риска и хронификации расстройств аффективного и шизофренического спектров (Запись № 13715183)

Подробности
000 -МАРКЕР
контрольное поле 02384nam0a2200421 4500
001 - ИДЕНТИФИКАТОР ЗАПИСИ
контрольное поле RU\NLR\BIBL_A\022766310
005 - ИДЕНТИФИКАТОР ВЕРСИИ
контрольное поле 20260531093312.0
010 ## - МЕЖДУНАРОДНЫЙ СТАНДАРТНЫЙ НОМЕР КНИГИ (ISBN)
Номер (ISBN) 978-5-86002-262-1
021 ## - НОМЕР ГОСУДАРСТВЕННОЙ РЕГИСТРАЦИИ
Код страны Российская Федерация
Номер КН-П-26-008233
Номер Листа государственной регистраци КН-П-26-0789
035 ## - ДРУГИЕ СИСТЕМНЫЕ НОМЕРА
Идентификатор записи (NLR Aleph) 022766310
100 ## - ДАННЫЕ ОБЩЕЙ ОБРАБОТКИ
Данные общей обработки 20260326d2019 u y0rusy50 ca
101 0# - ЯЗЫК РЕСУРСА
Язык текста, звукозаписи и т.д. русский
102 ## - СТРАНА ПУБЛИКАЦИИ ИЛИ ПРОИЗВОДСТВА
Страна публикации Российская Федерация
105 ## - ПОЛЕ КОДИРОВАННЫХ ДАННЫХ: ТЕКСТОВЫЕ МАТЕРИАЛЫ, МОНОГРАФИЧЕСКИЕ
Кодированные данные о монографическом текстовом документе y z 000yy
181 #0 - ПОЛЕ КОДИРОВАННЫХ ДАННЫХ: ВИД СОДЕРЖАНИЯ
Код вида содержания (ISBD) i
Код характеристики содержания (ISBD) axxe
182 #0 - ПОЛЕ КОДИРОВАННЫХ ДАННЫХ: ТИП СРЕДСТВА
Код типа средства (ISBD) n - непосредственное
200 1# - ЗАГЛАВИЕ И СВЕДЕНИЯ ОБ ОТВЕТСТВЕННОСТИ
Основное заглавие Исследование факторов риска и хронификации расстройств аффективного и шизофренического спектров
Сведения, относящиеся к заглавию аналитический обзор
Первые сведения об ответственности Холмогорова А. Б., Рычкова О. В., Довженко Т. В. [и др.]
Последующие сведения об ответственности ФГБУ "Национальный медицинский исследовательский центр психиатрии и наркологии имени В. П. Сербского" Министерства здравоохранения Российской Федерации
203 ## - ВИД СОДЕРЖАНИЯ И ТИП СРЕДСТВА
Вид содержания Текст
Дополнительные сведения об издании визуальный
Тип средства непосредственный
210 ## - ПУБЛИКАЦИЯ, РАСПРОСТРАНЕНИЕ И ДР.
Место издания, распространения и т.д. Москва
Имя издателя, распространителя и т. д. НМИЦПН им. В. П. Сербского Минздрава России
Дата издания, распространения и т.д. 2019 (печ. 2020)
215 ## - ФИЗИЧЕСКАЯ ХАРАКТЕРИСТИКА
Специфическое обозначение материала и объем 220 с.
Размеры 21
225 1# - СЕРИЯ
Основное заглавие серии Психиатрия
Обозначение тома 227
300 ## - ОБЩИЕ ПРИМЕЧАНИЯ
Текст примечания Авт. указаны на обороте тит. с.
320 ## - ПРИМЕЧАНИЯ О НАЛИЧИИ В ДОКУМЕНТЕ БИБЛИОГРАФИИ / УКАЗАТЕЛЯ
Текст примечания Библиогр. в конце гл.
606 1# - НАИМЕНОВАНИЕ ТЕМЫ КАК ПРЕДМЕТ
Наименование темы Шизофренического спектра расстройства
Тематический подзаголовок Риск
Системный номер авторитетной/нормативной записи 2710911
Идентификатор авторитетной/нормативной записи RU\NLR\AUTH\6601771125
606 1# - НАИМЕНОВАНИЕ ТЕМЫ КАК ПРЕДМЕТ
Наименование темы Аффективные психозы
Тематический подзаголовок Риск
Системный номер авторитетной/нормативной записи 2710912
Идентификатор авторитетной/нормативной записи RU\NLR\AUTH\6601771126
686 1# - ИНДЕКСЫ ДРУГИХ КЛАССИФИКАЦИЙ
Индекс Р645.90-1
686 1# - ИНДЕКСЫ ДРУГИХ КЛАССИФИКАЦИЙ
Индекс Р64-323.11
686 1# - ИНДЕКСЫ ДРУГИХ КЛАССИФИКАЦИЙ
Индекс Р11(2)062.61
701 #1 - ИМЯ ЛИЦА - АЛЬТЕРНАТИВНАЯ ОТВЕТСТВЕННОСТЬ
Начальный элемент ввода Холмогорова
Часть имени, кроме начального элемента ввода А. Б.
Расширение инициалов личного имени Алла Борисовна
701 #1 - ИМЯ ЛИЦА - АЛЬТЕРНАТИВНАЯ ОТВЕТСТВЕННОСТЬ
Начальный элемент ввода Рычкова
Часть имени, кроме начального элемента ввода О. В.
Расширение инициалов личного имени Ольга Валентиновна
701 #1 - ИМЯ ЛИЦА - АЛЬТЕРНАТИВНАЯ ОТВЕТСТВЕННОСТЬ
Начальный элемент ввода Довженко
Часть имени, кроме начального элемента ввода Т. В.
Расширение инициалов личного имени Татьяна Викторовна
712 02 - НАИМЕНОВАНИЕ ОРГАНИЗАЦИИ - ВТОРИЧНАЯ ОТВЕТСТВЕННОСТЬ
Код отношения Издающая организация
Начальный элемент ввода Национальный медицинский исследовательский центр психиатрии и наркологии им. В. П. Сербского
Идентифицирующий признак Москва
Системный номер авторитетной/нормативной записи 580352
Идентификатор авторитетной/нормативной записи RU\NLR\AUTH\880458683
942 ## - ДОПОЛНИТЕЛЬНЫЕ ЭЛЕМЕНТЫ ЗАПИСИ (АБИС)
Тип экземпляра АБИС Книга
980 ## - КОЛЛЕКЦИЯ
Название коллекции Национальная библиография

Нет доступных экземпляров.